000 00588nam a2200217 a 4500
001 BRCA_8140
005 20190320210141.0
008 110414s1963----gw-a###f##---#000-0#ger-#
041 _ager
044 _agw
050 4 _aNK8553.5
_b.F332
_c1963
245 1 0 _aChinesische blüten
_ceinführung von Walter Feng.
260 _aGermany
_bGeorg Westwemann
_c1963
300 _a1 v. (sin paginación)
_bil. a color
_c21 cm.
500 _aY223
650 1 4 _aFlores chinas
_920279
650 1 4 _aFloricultura
_920280
700 1 _aFeng, Walter
_eintr.
_920281
902 _aGFM
942 _2lcc
_cB
999 _c7808
_d7808